| 000 | 01237cam a22003254i 4500 | ||
|---|---|---|---|
| 001 | 18195366 | ||
| 005 | 20141202154308.0 | ||
| 008 | 140620s2013 at ak frbd 001 0 eng d | ||
| 010 | _a2014379413 | ||
| 020 | _a9780730302124 | ||
| 040 |
_aDLC _beng _cDLC _dDLC _dEG-ScBUE |
||
| 082 | 0 | 0 |
_222 _a657.0218 _bPIC |
| 245 | 0 | 0 |
_aApplying international financial reporting standards / _cRuth Picker ... [et al.] |
| 250 | _a3rd ed. | ||
| 260 |
_aMilton Qld, Australia : _bJohn Wiley & Sons, _c2013. |
||
| 300 |
_axvi, 1203 p. : _bforms, tables ; _c26 cm. |
||
| 500 | _aOriginally published: Applying international accounting standards / Keith Alfredson ... [et al.]. 2005. | ||
| 500 | _aErnst & Young, Quality in everything we do. | ||
| 500 | _aGlossary : p. 1181-1189. | ||
| 500 | _aIndex : p. 1191-1203. | ||
| 504 | _aIncludes bibliographical references. | ||
| 630 | 0 | 0 |
_aInternational financial reporting standards _936756 |
| 650 | 0 |
_aAccounting _xStandards _936586 |
|
| 650 | 0 |
_aInternational business enterprises _xAccounting _xStandards _936757 |
|
| 650 | 0 |
_aSmall business _xAccounting _936758 |
|
| 653 |
_bBUSADM _cDecember2014 |
||
| 655 |
_vreading book _934232 |
||
| 700 | 1 |
_aPicker, Ruth _936755 |
|
| 942 |
_2ddc _k657.0218 PIC |
||
| 999 |
_c18704 _d18676 |
||